000
00299nam a2200121Ia 4500
008
220204s9999 xx 000 0 und d
082
_a
613.2
_b
MCD
100
_a
Mcdermot, Irene E
245
0
_a
Food for modern living
260
_a
Philadelphia
_b
J B Lippincott
_c
1973
650
_a
Food
942
_c
BK
999
_c
31608
_d
31608